Statistics for Star Wars Animated Characters Who Appeared in Live-Action

Click here to take the quiz!

General Stats

  • This quiz has been taken 58 times
    (46 since last reset)
  • The average score is 10 of 18

Answer Stats

First Animated AppearanceFirst Live Action AppearanceAnswer% Correct
Star Wars: Clone WarsThe MandalorianAhsoka Tano
86%
Star Wars RebelsAhsoka (in a hologram)Ezra Bridger
86%
Star Wars RebelsAhsokaSabine Wren
86%
Star Wars RebelsAhsokaHera Syndulla
83%
Star Wars RebelsRogue One: A Star Wars StoryChopper
80%
Star Wars RebelsAhsokaThrawn
74%
Star Wars RebelsThe MandalorianGarazeb Orrelios
71%
Star Wars: Clone WarsRogue One: A Star Wars StorySaw Gerrera
60%
Star Wars: Clone WarsThe Book of Boba FettCad Bane
57%
Star Wars RebelsObi-Wan KenobiThe Grand Inquisitor
57%
Star Wars: Clone WarsThe MandalorianBo-Katan Kryze
54%
Star Wars RebelsObi-Wan KenobiFifth Brother
46%
Star Wars RebelsAhsokaJacen Syndulla
34%
Star Wars RebelsAhsokaRyder Azadi
23%
Star Wars: Clone WarsObi-Wan Kenobi (as a corpse)Tera Sinube
20%
Star Wars: Clone WarsAhsokaHuyang
17%
Star Wars RebelsAhsokaJai Kell
11%
Star Wars ResistanceAhsokaHamato Xiono
9%

Score Distribution

Percentile by Number Answered

Percent of People with Each Score

Your Score History

You have not taken this quiz since the last reset